|
|
|
|
| LEADER |
01000cas#a2200313#a#4500 |
| 001 |
018339 |
| 005 |
20160923115333.0 |
| 008 |
061031c1992####sw#qr#p#######0####|spa#d |
| 022 |
|
|
|a 0967-0718
|
| 040 |
|
|
|a AR-beUNQ
|
| 099 |
|
|
|a P-CH-INT1
|
| 245 |
1 |
0 |
|a Interferones y citocinas.
|c Colwood House Medical Publications.
|
| 260 |
|
|
|a Basilea :
|b U.M.P,
|
| 300 |
|
|
|a v :
|
| 310 |
|
|
|a Trimestral
|
| 362 |
0 |
|
|a No. 21 (1992)-
|
| 500 |
|
|
|a Descripción basada en: No. 21 (1992).
|
| 500 |
|
|
|a La publicación en versión inglesa está a cargo de Colwood House Medical Publications.
|
| 650 |
|
7 |
|a Medicina
|2 Spines
|
| 650 |
|
7 |
|a Proteínas
|2 Spines
|
| 650 |
|
7 |
|a Terapeútica
|2 Spines
|
| 650 |
|
7 |
|a Virología
|2 Spines
|
| 650 |
|
7 |
|a Inmunología
|2 Spines
|
| 650 |
|
7 |
|a Hematología
|2 Spines
|
| 653 |
|
|
|a Oncología
|
| 710 |
2 |
|
|a Colwood House Medical Publications.
|
| 866 |
|
0 |
|a 1992 (21)
|
| 929 |
|
|
|j 3954100001
|a DONACION
|e 20050224
|b UNQ. Laboratorio de OncologíaMolecular
|d 20,00E
|
| 999 |
|
|
|c 27483
|d 110289
|